Informatika '87 Informačné služby On-line. Celoštátna konferencia

Na minha lista:
Detalhes bibliográficos
Formato: Livro
Idioma:eslovaco
Publicado em: Bratislava Dom techn. ČSVTS 1987
Edição:1. vyd.
Tags: Adicionar Tag
Sem tags, seja o primeiro a adicionar uma tag!

MARC

LEADER 00000nam a2200000 4500
001 c034889
005 20221219094604.9
041 0 |a slo 
044 |a SK 
245 1 0 |a Informatika '87  |b Informačné služby On-line. Celoštátna konferencia 
250 |a 1. vyd. 
264 1 |a Bratislava  |b Dom techn. ČSVTS  |c 1987 
300 |a 124 s.